Čaro útulného domova

Gespeichert in:
Bibliographische Detailangaben
1. Verfasser: Westgateová, Alice (Verfasst von)
Format: Buch
Sprache:Slowakisch
Veröffentlicht: Bratislava : Perfekt, 2001
Tags: Tag hinzufügen
Keine Tags, Fügen Sie das erste Tag hinzu!

MARC

LEADER 00000nam a22000003a 4500
001 stu73249
005 20150617225649.1
008 020117s2001----xo------------------slo-d
020 |a 80-85261-34-0 
040 |a STU  |b slo 
041 0 |a slo 
044 |a xo 
080 |a 747  |7 stu_us_auth*stu4309 
080 |a 643 
100 1 |a Westgateová, Alice  |4 aut 
245 1 |a Čaro útulného domova 
260 |a Bratislava :  |b Perfekt,  |c 2001 
300 |a 190 s.;obr 
500 |a prel. z angl.orig. 
996 |b 284V027941  |c V*47105/O-20717  |l VVT  |s A  |a 24  |w stu73249_0001